Red & White Flags - Sudden Death - Statistics

General Stats
  • This quiz has been taken 36,462 times
    36,410 since last reset
  • The average score is 12 of 17
Answers on the Grid
Answers color-coded by a green-red scale on the quiz's grid according to % correct below.
Albania
Argentina
Austria
Bahrain
Canada
China
Denmark
Dominica
East Timor
Georgia
Greece
Indonesia
Japan
Latvia
Liechtenstein
Luxembourg
Maldives
Monaco
Morocco
Nepal
Nigeria
Papua New Guinea
Paraguay
Peru
Poland
Qatar
Samoa
Singapore
Switzerland
Tonga
Trinidad and Tobago
Tunisia
Turkey
Vietnam
 
Answer Stats
Answer % Correct
Canada
93%
Austria
87%
Japan
87%
Denmark
82%
Poland
81%
Switzerland
77%
Indonesia
75%
Monaco
74%
Georgia
73%
Turkey
73%
Bahrain
65%
Singapore
65%
Peru
64%
Tunisia
61%
Latvia
60%
Qatar
59%
Tonga
46%
No matching quizzes found
Score Distribution
Percent of People with Each Score
Percentile by Number Answered
Your Score History
You have not taken this quiz since the last reset